Carte des pays de l'empire colonial français - Statistiques

Statistiques générales
  • Ce quiz a été pris 1 675 fois
    1 510 depuis la dernière actualisation
  • Le résultat moyen est 23 sur 30
Réponses sur la Carte
Les réponses sont colorées sur une échelle allant du rouge au vert en fonction du pourcentage des utilisateurs qui les ont devinées à leur premier essai. Vous pouvez retrouver ces pourcentages ci-dessous.
 
Statistiques - réponses
Réponse % Correct
Algérie
99%
Maroc
98%
Tunisie
97%
France
94%
Mali
93%
Madagascar
92%
Sénégal
91%
Niger
90%
Vietnam
90%
Congo
87%
Mauritanie
87%
Laos
86%
Tchad
86%
Cambodge
84%
Cameroun
84%
Côte d'Ivoire
84%
Togo
83%
Guinée
80%
Syrie
79%
Burkina Faso
78%
Bénin
77%
Centrafrique
76%
Gabon
76%
Liban
68%
Comores
58%
Djibouti
58%
Vanuatu
36%
Turquie
34%
Inde
31%
Chine
27%
Aucun quiz correspondant
Distribution des résultats
% des personnes avec chaque résultat
Percentile par nombre de réponses
Votre historique - résultats
Vous n’avez pas pris ce quiz depuis la dernière actualisation